Obras de Giovanni Papini / (Record no. 117778)

MARC details
000 -LEADER
campo de control de longitud fija 00746nam a2200229 i 4500
001 - NÚMERO DE CONTROL
campo de control 117778
003 - IDENTIFICADOR DE NÚMERO DE CONTROL
campo de control ES-MaACL
005 - FECHA Y HORA DE LA ÚLTIMA TRANSACCIÓN
campo de control 20251015063117.0
007 - CAMPO FIJO DE DESCRIPCIÓN FÍSICA--INFORMACIÓN GENERAL
campo de control de longitud fija t|
008 - DATOS DE LONGITUD FIJA--INFORMACIÓN GENERAL
campo de control de longitud fija 070214s1958 sp r ||||1| spa d
100 1# - ENTRADA PRINCIPAL--NOMBRE DE PERSONA
Nombre de persona Papini, Giovanni,
Fechas asociadas al nombre 1881-1956
9 (RLIN) 88874
245 10 - MENCIÓN DEL TÍTULO
Título Obras de Giovanni Papini /
Mención de responsabilidad, etc. [traducción de Mario Verdaguer, Antonio de Ben y Carlos Povo Domingo].
260 ## - PUBLICACIÓN, DISTRIBUCIÓN, ETC.
Lugar de publicación, distribución, etc. Barcelona :
Nombre del editor, distribuidor, etc. José Janés,
Fecha de publicación, distribución, etc. 1958.
300 ## - DESCRIPCIÓN FÍSICA
Extensión XVI, 1575 p., 21 lám ;
Dimensiones 17 cm.
490 1# - MENCIÓN DE SERIE
Mención de serie Maestros de hoy
700 1# - ENTRADA AGREGADA--NOMBRE PERSONAL
Nombre de persona Povo Domingo, Carlos.
9 (RLIN) 93493
700 1# - ENTRADA AGREGADA--NOMBRE PERSONAL
Nombre de persona Ben, Antonio de.
9 (RLIN) 165355
700 0# - ENTRADA AGREGADA--NOMBRE PERSONAL
Nombre de persona Verdaguer, Mario.
9 (RLIN) 114001
830 0# - PUNTO DE ACCESO ADICIONAL DE SERIE-TÍTULO UNIFORME
Título uniforme Maestros de hoy
9 (RLIN) 182411
852 ## - LOCALIZACIÓN
Ubicación ES-MaACL
Número de control de estantería P-545
Sublocalización o colección R.42933
Holdings
Estatus retirado Estado de pérdida Estado de daño No para préstamo Biblioteca de origen Biblioteca actual Ubicación en estantería Fecha de adquisición Fuente de adquisición Total de préstamos Signatura topográfica completa Código de barras Visto por última vez Precio de reemplazo Tipo de ítem Koha
        Biblioteca del Ateneo de Madrid Biblioteca del Ateneo de Madrid Depósito 2 17/01/2008     P-545 1122787 23/02/2023 23/02/2023 Libro impreso